Quiz Red dead Redemption II (difficile) - Statistiques

Statistiques générales
  • Ce quiz a été pris 1 139 fois
  • Le résultat moyen est 4 sur 16
Statistiques - réponses
Question Réponse % Correct
En quelle année se déroulent les 6 premiers chapitres ? 1899
93%
Combien de membres de la bande visibles dans le jeu meurent durant toute l'histoire ? 9
52%
Combien de balles peut tirer le fusil à répétition sans recharger ? 6
47%
Combien de catégories de défis sont disponibles dans le jeu ? 9
37%
Quel est le nom du fils d'Arthur ? Isaac
31%
De quelle ville l'église de Saint-Denis est-elle inspirée ? Toulouse
21%
Comment s'appelle la bande de bandits présente à Ambarino ? Del Lobo
17%
Quelle est la première arme qu'Arthur débloque dans le premier chapitre ? Arc
15%
Comment s'appelle le dictateur de l'île de Guarma ? Alberto Fussar
14%
Quelle mitrailleuse autre que la Gatling est disponible dans le jeu ? Maxim, Browning
12%
Quel est le nom de la mère du fils d'Arthur ? Eliza
10%
Comment Hamish Sinclair perd-il sa jambe ? Boulet de canon
5%
Quel est le nom complet de la Pinkerton ? Pinkerton National Detective Agency
4%
Combien coute l'amélioration des quartiers d'Arthur ? 325
3%
Quels sont les ingrédients de l'appât à carnivores puissant ? Chair de poisson maigre et Mûres, airelles ovales, framboises ou baies de gaulthérie couchée
1%
Quels coups d'échecs joue Dutch à Lakay ? d4e5
1%
Aucun quiz correspondant
Distribution des résultats
% des personnes avec chaque résultat
Percentile par nombre de réponses
Votre historique - résultats
Vous n’avez pas pris ce quiz